Tabuľkový kalkulátor - Modul 4 Projekt: Vzdelávanie zamestnancov Ekonomickej univerzity

Enregistré dans:
Détails bibliographiques
Auteur principal: Kristová, Gabriela
Format: Livre
Langue:slovaque
Publié: Bratislava Katedra informatiky obchodných firiem OBF EU 2005
Sujets:
Tags: Ajouter un tag
Pas de tags, Soyez le premier à ajouter un tag!

MARC

LEADER 00000nam$a2200000$$$4500
001 0060518
005 20240502071653.4
020 |a 80-225-2089-6 
041 0 |a slo 
044 |a SK 
245 1 0 |a Tabuľkový kalkulátor - Modul 4  |b Projekt: Vzdelávanie zamestnancov Ekonomickej univerzity  |c Gabriela Kristová 
264 1 |a Bratislava  |b Katedra informatiky obchodných firiem OBF EU  |c 2005 
300 |a 152 s. 
610 2 0 |a vyučovanie 
610 2 0 |a kurzy 
610 2 0 |a vzdelávanie elektronické 
610 2 0 |a programy počítačové 
610 2 0 |a softvér 
610 2 0 |a procesory tabuľkové 
100 1 |a Kristová, Gabriela